| 000 | 00514nam a2200193 a 4500 | ||
|---|---|---|---|
| 001 | 1766480581319 | ||
| 003 | YourLibrary | ||
| 005 | 20251226120326.0 | ||
| 008 | 251223s2001##################000#0#eng## | ||
| 020 | _a9780631232032 | ||
| 082 | 0 | 4 |
_a281.503 _bPAR |
| 100 | 1 |
_aParry, Ken, _eauthor. |
|
| 245 | 1 | 0 | _aThe Blackwell Dictionary of Eastern Christianity : |
| 260 |
_bWiley-Blackwell, _c2001. |
||
| 300 | _a604 pages | ||
| 650 | 0 | _aReligion. | |
| 942 | _cENGLISH | ||
| 040 |
_aYourLibrary _beng _cYourLibrary |
||
| 999 |
_c605117 _d605117 |
||